000 01027nam a2200289 i 4500
003 EG-GICUC
005 20260504075434.0
008 260504s1976 ua ||||fr|||| 00| 0 ara d
040 _aEG-GiCUC
_bara
_cEG-GiCUC
_dEG-GiCUC
_eRda
082 0 4 _221
_a345.6651
_bع ب . ح
092 0 4 _221
099 _aLaw1 07 345.6651 ع ب . ح 1976
100 0 _aعبدالمنعم حسني
_eمؤلف.
245 _aالحجز الإداري:
_bعلماً و عملاً/
_cعبدالمنعم حسني.
250 _aالطبعة الثانية
264 1 _aالقاهرة:
_c1976.
300 _a660 صفحة ؛
_c 24 سم.
336 _2rda contenu
_a texte
337 _2rda medias
_aOrdinateur
338 _2 transporteur rda
_a Ressource en ligne
546 _aالنص باللغة العربية
650 1 _aالقانون الإداري
650 1 _aالاجراءات الإدارية غي القضائية
856 4 0 _uhttps://fll.law.cu.edu.eg/fulltext/bks/B07-02320.pdf
905 _a59
942 _2ddc
_n0
_cBK
_e21
999 _c75406
_d75406